000 00794nam a22002057a 4500
008 250829b |||||||| |||| 00| 0 eng d
020 _a9781108481205
040 _aCUZ
_beng
_crda
_dCUZ
_erda
050 _aK637.A6S9SPE
245 _aSpecial needs financial planning :
_bA comparative perspective
_cedited by Lusina Ho and Rebecca Lee
264 _aNew York
_bCambridge University press
_c©2019
300 _aextent xxvii,368pages
336 _atext
_btxt
337 _aunmediated
_bn
338 _2rdacarrier
500 _aincludes index
650 _a Conference papers and proceedings
_aGuardian and ward Economic aspects Congresses
_aPeople with disabilities Finance, Personal
942 _cOS
_i637.A5S9SPE
_kK
999 _c45362
_d45362